Artist in Conflict
| Titel: | Artist in Conflict : Yinka Shonibare's "Flower Time" (2006/2007) and His First Solo Exhibition in Poland (2013) / Mirosława Buchholtz |
|---|---|
| Verfasser: | |
| In: |
Art of the United Kingdom of Great Britain and Northern Ireland & the Republic of Ireland in 20th-21st centuries and Polish-British & Irish art relations, (2015), Seite 389-396 alle Artikel anzeigen |
| Veröffentlicht: | 2015 |
| Umfang: | Illustrationen |
| Format: | Aufsatz |
| Sprache: | Englisch |
X
alg: 43652171 001A $03025:11-09-18 001B $01999:11-09-18 $t22:33:07.000 001C $03025:11-09-18 $t13:59:57.000 001D $03025:11-09-18 001U $0utf8 001X $00 002@ $0Aou 002C $aText $btxt $2rdacontent 002D $aohne Hilfsmittel zu benutzen $bn $2rdamedia 002E $aBand $bnc $2rdacarrier 003@ $0436521717 007A $0436521717 $aHEB 010@ $aeng 010E $erda 011@ $a2015 021A $aArtist in Conflict $dYinka Shonibare's "Flower Time" (2006/2007) and His First Solo Exhibition in Poland (2013) $hMirosława Buchholtz 028A $BVerfasser $#Ziaja-Buchholtz, Mirosława $#Buchholtz, Mirosława Ziaja- $4aut $7102211073X $8Buchholtz, Mirosława [Tp3] $9300563930 031A $h389-396 $j2015 034M $aIllustrationen 039B $aEnthalten in $8--Aau--. Art of the United Kingdom of Great Britain and Northern Ireland & the Republic of Ireland in 20th-21st centuries and Polish-British & Irish art relations. - Toruń : Nicolaus Copernicus University Press, 2015. - 496 Seiten. - Illustrationen. - ISBN 83-231-3438-3 $x201500000000000611 $938714689X 044K $#Shonibare, Yinka CBE $#Shonibare, Yinka MBE $7124663168 $8Shonibare, Yinka$Z1962- [Tp1] $9111476607 044K $RKongresspolen $RWestgalizien $#Generalgouvernement Polen $#Polska $#Rzeczpospolita Polska $#Polska Rzeczpospolita Ludowa $#Poland $#Pologne $#République Polonaise $#Generalne Gubernatorstwo w Polsce $#Polish People's Republic $#Polska Rzeczpospolita Polen $#PRL $#RP $#Polen Generalgouvernement $#Polska Generalgouvernement $#Besetzte Polnische Gebiete $#Besetztes Gebiet in Polen $#Okupowane Polskie Obszary $#Obszary Okupowane w Polsce $#Volksrepublik Polen $#Polska Rosyjska $#Republic Polen $#Respublika Pol'ša $#Pol'skaja Narodnaja Respublika $#République de Pologne $#Polen Links der Weichsel $#Polska po Lewej Stronie Wisły $#Lenkija $#Polija $#Gubernija Carstva Pol'skago $#Republik Polen $74046496-9 $8Polen [Tg1] $9085129801 044K $RKulturveranstaltung $RMarkenwelt $#Exhibitions $#Expositions $#Sonderausstellung $#Ausstellungen $74129601-1 $8Ausstellung [Ts1] $9085454761 044K $RKultur $RIdentität $REthnizität $REthnische Identität $#Group Identity $#Identité collective $#Identidad cultural $#Kulturelle Identität $#kulturelle Identität $#Identität Kultur $#Kulturelles Bewusstsein $74033542-2 $8Kulturelle Identität [Ts1] $9085089605 045F $a709 $eDDC23BSB 045F/01 $a709 045F/03 $f0904 045F/03 $g438 045F/03 $g41 045R $aGeschichte 1962-2013 045R/01 $aGeschichte 2006-2013 lok: 43652171 78 exp: 43652171 78 1 #EPN 201B/01 $011-09-18 $t13:58:55.000 201C/01 $011-09-18 201U/01 $0utf8 203@/01 $01029624615 208@/01 $a11-09-18 $be 209A/01 $a/ $f000 $x00 209A/01 $ab*p $x01 220C/01 $apgar 244Z/01 $#Generalgouvernement Polen $#Polska $#Rzeczpospolita Polska $#Polska Rzeczpospolita Ludowa $#Poland $#Pologne $#République Polonaise $#Generalne Gubernatorstwo w Polsce $#Polish People's Republic $#Polska Rzeczpospolita Polen $#PRL $#RP $#Polen Generalgouvernement $#Polska Generalgouvernement $#Besetzte Polnische Gebiete $#Besetztes Gebiet in Polen $#Okupowane Polskie Obszary $#Obszary Okupowane w Polsce $#Volksrepublik Polen $#Polska Rosyjska $#Republic Polen $#Respublika Pol'ša $#Pol'skaja Narodnaja Respublika $#République de Pologne $#Polen Links der Weichsel $#Polska po Lewej Stronie Wisły $#Lenkija $#Polija $#Gubernija Carstva Pol'skago $#Republik Polen $74046496-9 $8--Tg1--Polen $x01 $9085129801 247C/01 $82080>Marburg/Lahn, Herder-Institut, Forschungsbibliothek, Bibliographieportal $9336309341
| LEADER | 00000caa a2200000 c 4500 | ||
|---|---|---|---|
| 001 | 436521717 | ||
| 003 | DE-603 | ||
| 005 | 20180911223307.0 | ||
| 007 | tu | ||
| 008 | 180911s2015 xx |||| | u00||u|eng c | ||
| 035 | |a (DE-599)HEB436521717 | ||
| 040 | |a DE-603 |b ger |c DE-603 |d DE-603 |e rda | ||
| 041 | |a eng | ||
| 082 | 0 | 4 | |8 1\u |a 709 |q DE-101 |2 23/BSB |
| 085 | |8 1\u |b 709 | ||
| 085 | |8 1\u |z 1 |s 0904 | ||
| 085 | |8 1\u |z 2 |s 438 | ||
| 085 | |8 1\u |z 2 |s 41 | ||
| 100 | 1 | |a Buchholtz, Mirosława |e Verfasser |4 aut |0 (DE-603)300563930 |0 (DE-588)102211073X |2 gnd | |
| 245 | 0 | 0 | |a Artist in Conflict |b Yinka Shonibare's "Flower Time" (2006/2007) and His First Solo Exhibition in Poland (2013) |c Mirosława Buchholtz |
| 264 | 0 | |c 2015 | |
| 300 | |b Illustrationen | ||
| 336 | |a Text |b txt |2 rdacontent | ||
| 337 | |a ohne Hilfsmittel zu benutzen |b n |2 rdamedia | ||
| 338 | |a Band |b nc |2 rdacarrier | ||
| 600 | 1 | 7 | |a Shonibare, Yinka |d 1962- |0 (DE-588)124663168 |0 (DE-603)111476607 |2 gnd |
| 648 | 7 | |a Geschichte 1962-2013 |2 gnd | |
| 648 | 7 | |a Geschichte 2006-2013 |2 gnd | |
| 650 | 7 | |a Ausstellung |0 (DE-588)4129601-1 |0 (DE-603)085454761 |2 gnd | |
| 650 | 7 | |a Kulturelle Identität |0 (DE-588)4033542-2 |0 (DE-603)085089605 |2 gnd | |
| 651 | 7 | |a Polen |0 (DE-588)4046496-9 |0 (DE-603)085129801 |2 gnd | |
| 773 | 0 | 8 | |i Enthalten in |t Art of the United Kingdom of Great Britain and Northern Ireland & the Republic of Ireland in 20th-21st centuries and Polish-British & Irish art relations |d Toruń : Nicolaus Copernicus University Press, 2015 |h 496 Seiten, Illustrationen |z 8323134383 |z 9788323134381 |g (2015), Seite 389-396 |w (DE-603)38714689X |
| 924 | 0 | |9 2080 |a (DE-603)1029624615 |b DE-2080 |c HES |d d |g / | |


